| 000 | 00613nam a22001937a 4500 | ||
|---|---|---|---|
| 003 | NUST-PNEC | ||
| 005 | 20170116180909.0 | ||
| 008 | 140402b xxu||||| |||| 00| 0 eng d | ||
| 020 | _a0471446718 | ||
| 040 | _cPNEC | ||
| 082 | _a621.3192 IRW | ||
| 100 |
_923 _aIrwin David J |
||
| 245 |
_aBasic Engineering Circuit Analysis _cJ. David Irwin |
||
| 250 | _a7th ed. | ||
| 300 |
_axx, 794p. _bill.; _c20cm |
||
| 500 | _ahttp://www.amazon.com/Engineering-Circuit-Analysis-Solutions-Sticker/dp/0471446718/ref=sr_1_1?s=books&ie=UTF8&qid=1400740206&sr=1-1&keywords=0471446718 | ||
| 650 | _xEE, EL | ||
| 942 |
_2ddc _cBK |
||
| 999 |
_c65217 _d65217 |
||